000
00216 a2200097 4500
001
20226
100
_a
Hoeschele
245
_a
Analog to digital/digital to analog
260
_a
_b
John Wiley
_c
090
_c
14797
_d
14797
942
_a
NUST-CAE
_c
M
_c
5332
999
_c
255299
_d
255299